Geography Quiz

Random Geography or City Quiz
Score 0/150 Timer 15:00
0 Plays Today
Country City % Correct
USANew York City
99.4%
UKLondon
99.4%
USALos Angeles
98.7%
GermanyBerlin
96.2%
USAChicago
95.6%
SpainMadrid
95%
FranceParis
94.3%
UKManchester
92.5%
SpainBarcelona
92.5%
USADallas
91.8%
USAHouston
91.8%
GermanyMunich
91.2%
RussiaMoscow
90.6%
UKBirmingham
89.9%
UKGlasgow
89.9%
UKLiverpool
89.9%
ItalyRome
89.9%
GreeceAthens
89.9%
ItalyMilan
88.7%
USAPhiladelphia
88.1%
USAMiami
88.1%
GermanyHamburg
88.1%
FranceMarseille
87.4%
FranceLyon
87.4%
MexicoMexico City
87.4%
UKLeeds
86.8%
CanadaToronto
86.8%
CanadaOttawa
86.2%
ChinaBeijing
86.2%
USAWashington DC
85.5%
CanadaMontreal
85.5%
TurkeyIstanbul
84.9%
JapanTokyo
84.9%
TurkeyAnkara
84.3%
USABoston
83.6%
GermanyFrankfurt
83.6%
RussiaSaint Petersburg
83.6%
ItalyNaples
83%
BelgiumBrussels
83%
NetherlandsAmsterdam
83%
CanadaVancouver
83%
ArgentinaBuenos Aires
82.4%
ChinaShanghai
82.4%
IndiaDelhi
82.4%
PolandWarsaw
81.8%
BrazilRio de Janeiro
81.1%
SpainValencia
80.5%
BrazilSao Paulo
80.5%
ItalyTurin
79.9%
IndiaMumbai
79.9%
Country City % Correct
BrazilBrasilia
79.2%
AustraliaSydney
79.2%
ColombiaBogota
78.6%
JapanOsaka
78.6%
South AfricaCapetown
78%
SpainSeville
77.4%
GermanyCologne
76.7%
FranceNice
76.7%
ItalyPalermo
75.5%
NetherlandsRotterdam
75.5%
South AfricaJohannesburg
75.5%
GermanyDusseldorf
74.8%
AustraliaPerth
74.8%
ItalyFlorence
74.2%
USAAtlanta
73.6%
GermanyStuttgart
73.6%
MexicoGuadalajara
73.6%
AustraliaMelbourne
73.6%
South AfricaPretoria
73.6%
CanadaCalgary
73%
PolandKrakow
73%
GermanyDortmund
71.7%
UKNewcastle
69.2%
FranceToulouse
69.2%
FranceBordeaux
68.6%
ChinaGuangzhou
67.9%
FranceLille
67.3%
BelgiumAntwerpen
67.3%
UKSheffield
66.7%
ItalyGenoa
66.7%
AustraliaBrisbane
66%
GermanyEssen
65.4%
GreeceThessaloniki
64.8%
TurkeyIzmir
64.2%
MexicoMonterrey
63.5%
AustraliaAdelaide
63.5%
South AfricaDurban
63.5%
SpainBilbao
62.9%
ColombiaMedellin
62.9%
ArgentinaCordoba
62.3%
JapanYokohama
61%
BrazilBelo Horizonte
60.4%
FranceStrasbourg
59.1%
BrazilPorto Alegre
59.1%
ItalyBologna
56.6%
SpainZaragoza
56.6%
SpainMalaga
56.6%
BrazilSalvador
56%
JapanSapporo
56%
BrazilRecife
55.3%
Country City % Correct
BelgiumGhent
55.3%
GermanyBremen
54.7%
UKBelfast
54.1%
FranceNantes
54.1%
ColombiaCali
53.5%
BelgiumBruges
52.8%
PolandLodz
52.8%
RussiaNizhny Novgorod
52.2%
ItalyBari
50.9%
NetherlandsDen Haag
50.9%
ChinaTianjin
49.7%
JapanNagoya
49.1%
NetherlandsUtrecht
48.4%
IndiaHyderabad
48.4%
ArgentinaRosario
47.8%
NetherlandsEindhoven
47.8%
FranceMontpellier
46.5%
BrazilFortaleza
45.9%
RussiaNovosibirsk
45.3%
BrazilManaus
45.3%
ChinaShenzhen
44%
UKNottingham
43.4%
RussiaKazan
43.4%
RussiaYekaterinburg
42.1%
SpainPalma
41.5%
RussiaOmsk
41.5%
RussiaRostov on Don
41.5%
RussiaSamara
40.9%
MexicoPuebla
40.3%
IndiaAhmedabad
40.3%
TurkeyBursa
39.6%
PolandPoznan
38.4%
BrazilCuritiba
37.7%
PolandWroclaw
37.7%
ItalyCatania
36.5%
SpainMurcia
34.6%
IndiaBangaluru
34%
ColombiaBarranquilla
33.3%
BelgiumCharleroi
33.3%
TurkeyAdana
33.3%
GreeceHeraklion
32.7%
ColombiaCartagena
31.4%
RussiaChelyabinsk
28.9%
GreecePatras
28.3%
SpainLas Palmas
27.7%
ArgentinaMendoza
25.2%
South AfricaSoweto
23.9%
GreeceLarissa
18.9%
MexicoToluca
15.7%
ArgentinaTucuman
9.4%
Remove Ads.
Support Sporcle.
Get the best of Sporcle when you Go Orange. This ad-free experience offers more features, more stats, and more fun while also helping to support Sporcle. Thank you for becoming a member.

You're not logged in!

Compare scores with friends on all Sporcle quizzes.
OR
Log In

Show Comments

Extras

Top Quizzes Today


Score Distribution

Your Account Isn't Verified!

In order to create a playlist on Sporcle, you need to verify the email address you used during registration. Go to your Sporcle Settings to finish the process.

Report this User

Report this user for behavior that violates our Community Guidelines.

Details: